KOHA-Header-6

Women and Leadership (Record no. 13091)

000 -LEADER
fixed length control field 00284nam a22001217a 4500
020 ## - INTERNATIONAL STANDARD BOOK NUMBER
ISBN 9781787634381
082 ## - DEWEY DECIMAL CLASSIFICATION NUMBER
Classification number 303.340
100 ## - MAIN ENTRY--AUTHOR NAME
Personal name Julia Gillard & Ngozi Okonjo Iweala
245 ## - TITLE STATEMENT
Title Women and Leadership
260 ## - PUBLICATION, DISTRIBUTION, ETC. (IMPRINT)
Place of publication Australia
Name of publisher Penguin
Year of publication 2020
300 ## - PHYSICAL DESCRIPTION
Number of Pages 325 pages
942 ## - ADDED ENTRY ELEMENTS (KOHA)
Koha item type Books
Holdings
Withdrawn status Lost status Collection code Permanent Location Current Location Shelving location Date acquired Full call number Accession Number Koha item type
    English Literature MAJU MAJU Shelf No.A15 2021-05-25 303.340 10189 English Literature

Powered by Koha